CUSTOMER RELATIONSHIP MANAGEMENT EMERGIN (Record no. 25413)
[ view plain ]
| 000 -LEADER | |
|---|---|
| fixed length control field | 00355nam a2200133Ia 4500 |
| 008 - FIXED-LENGTH DATA ELEMENTS--GENERAL INFORMATION | |
| fixed length control field | 240624s9999 xx 000 0 und d |
| 041 ## - LANGUAGE CODE | |
| Language code of text/sound track or separate title | eng |
| 082 ## - DEWEY DECIMAL CLASSIFICATION NUMBER | |
| Classification number | 658.812 SHE |
| 100 ## - MAIN ENTRY--PERSONAL NAME | |
| Personal name | SHETH JAGDISH N |
| 245 ## - TITLE STATEMENT | |
| Title | CUSTOMER RELATIONSHIP MANAGEMENT EMERGIN |
| 260 ## - PUBLICATION, DISTRIBUTION, ETC. | |
| Date of publication, distribution, etc. | 2014 |
| Place of publication, distribution, etc. | New Delhi |
| Name of publisher, distributor, etc. | Tata McGrawhill |
| 300 ## - PHYSICAL DESCRIPTION | |
| Extent | xv, : 544 : p. : cm. ; 25 |
| 365 ## - TRADE PRICE | |
| Currency code | RS |
| Withdrawn status | Lost status | Damaged status | Not for loan | Home library | Current library | Shelving location | Date acquired | Source of acquisition | Cost, normal purchase price | Full call number | Barcode | Date last seen | Copy number | Price effective from | Koha item type |
|---|---|---|---|---|---|---|---|---|---|---|---|---|---|---|---|
| IMTN | IMTN | Rack 37-A | 11/19/2015 | VBC | 590.00 | 658.812 SHE | 25413 | 06/24/2024 | 1 | 06/24/2024 | Books |